| 000 | 00512nam a22001577a 4500 | ||
|---|---|---|---|
| 003 | NUST | ||
| 082 | _a610 | ||
| 100 |
_aJan ,Khizer _9122388 |
||
| 245 |
_aVein Sight – Infrared based vein imaging system / _cKhizer Jan |
||
| 264 |
_aIslamabad: _bSMME- NUST. _c2021. |
||
| 300 |
_a48p. ; _bSoft Copy, _c30cm. |
||
| 650 |
_aMS Biomedical Engineering (BME) _9119509 |
||
| 700 |
_aSupervisor : DR. UMAR ANSARI _9122061 |
||
| 856 | _uhttp://10.250.8.41:8080/xmlui/handle/123456789/25906 | ||
| 942 |
_2ddc _cTHE |
||
| 999 |
_c608883 _d608883 |
||